000
00323nam a2200133Ia 4500
008
191201s2010 xx 000 0 und d
100
_a
CHOPRA,Deepak
245
0
_a
The Seven Spiritual Laws of Success
250
_a
9th Rep
260
_a
N. Delhi
_b
Hay House India
_c
2010
300
_a
96
650
_a
BBA
942
_2
ddc
_c
BK
999
_c
4472
_d
4472